Đánh giá khả năng hấp phụ tổng đạm, tổng lân, BOD5, pH, EC, TSS và tổng COLIFORM trong nước thải sinh hoạt của mùn cưa không biến tính để tái sử dụng trồng rau mầm Khóa luận tốt nghiệp : Ngành Khoa học môi trường :Trình độ : Đại học

সংরক্ষণ করুন:
গ্রন্থ-পঞ্জীর বিবরন
প্রধান লেখক: Trần, Thị Trinh
অন্যান্য লেখক: Bùi, Trung Kha
বিন্যাস: গবেষণাপত্র সজ্জা গ্রন্থ
ভাষা:Vietnamese
প্রকাশিত: Đồng Tháp Trường Đại học Đồng Tháp 2014
বিষয়গুলি:
ট্যাগগুলো: ট্যাগ যুক্ত করুন
কোনো ট্যাগ নেই, প্রথমজন হিসাবে ট্যাগ করুন!
Thư viện lưu trữ: Trung tâm Học liệu Lê Vũ Hùng, Trường Đại học Đồng Tháp
LEADER 01579ppm a22003858a 4500
001 00032512
005 20171026081025.0
008 140924s2014 ||||||viesd
041 0 # |a vie 
082 1 4 |a 628.4  |b Đ107GI 
100 0 # |a Trần, Thị Trinh 
245 1 0 |c Trần Thị Trinh; Bùi Trung Kha (hướng dẫn)  |a Đánh giá khả năng hấp phụ tổng đạm, tổng lân, BOD5, pH, EC, TSS và tổng COLIFORM trong nước thải sinh hoạt của mùn cưa không biến tính để tái sử dụng trồng rau mầm  |b Khóa luận tốt nghiệp : Ngành Khoa học môi trường :Trình độ : Đại học 
260 # # |a Đồng Tháp  |b Trường Đại học Đồng Tháp  |c 2014 
300 # # |e 1 bản tóm tắt  |a 41 tr. + phụ lục  |c 30 cm. 
500 # # |a ĐTTTS ghi: Bộ Giáo dục và Đào tạo. Trường Đại học Đồng Tháp. Khoa Tài nguyên và môi trường 
653 # # |a Hấp phụ 
653 # # |a Khóa luận 
653 # # |a Xử lý 
653 # # |a Trồng trọt 
653 # # |a Rau mầm 
653 # # |a Nước thải 
653 # # |a Môi trường 
653 # # |a Mùn cưa không biến tính 
700 1 # |a Bùi, Trung Kha  |e hướng dẫn 
852 # # |b Kho đọc  |j KD.0016070 
852 # # |j KD.0016070 
910 0 # |d 24/9/2014 
980 # # |a Trung tâm Học liệu Lê Vũ Hùng, Trường Đại học Đồng Tháp